2004 NFL Pro Bowlers - Statistics

General Stats
  • This quiz has been taken 5 times
  • The average score is 22 of 101
Answer Stats
Position/Conference Answer Team % Correct
AFC Wide Receiver Andre Johnson Houston Texans
100%
AFC Wide Receiver Chad Johnson Cincinnati Bengals
100%
AFC Quarterback Drew Brees San Diego Chargers
100%
AFC Quarterback Peyton Manning Indianapolis Colts
100%
AFC Running Back Rudi Johnson Cincinnati Bengals
100%
AFC Quarterback Tom Brady New England Patriots
100%
AFC Fullback Tony Richardson Kansas City Chiefs
100%
AFC Offensive Guard Alan Faneca Pittsburgh Steelers
50%
AFC Tight End Antonio Gates San Diego Chargers
50%
AFC Offensive Guard Brian Waters Kansas City Chiefs
50%
AFC Cornerback Champ Bailey Denver Broncos
50%
AFC Running Back Corey Dillon New England Patriots
50%
AFC Running Back Curtis Martin New York Jets
50%
AFC Running Back Edgerrin James Indianapolis Colts
50%
AFC Safety Ed Reed Baltimore Ravens
50%
AFC Wide Receiver Hines Ward Pittsburgh Steelers
50%
AFC Defensive End Jason Taylor Miami Dolphins
50%
AFC Running Back Jerome Bettis Pittsburgh Steelers
50%
AFC Linebacker Joey Porter Pittsburgh Steelers
50%
AFC Defensive End John Abraham New York Jets
50%
AFC Defensive Tackle John Henderson Jacksonville Jaguars
50%
AFC Offensive Tackle Jonathan Ogden Baltimore Ravens
50%
AFC Running Back LaDainian Tomlinson San Diego Chargers
50%
AFC Defensive Tackle Marcus Stroud Jacksonville Jaguars
50%
AFC Wide Receiver Marvin Harrison Indianapolis Colts
50%
AFC Linebacker Ray Lewis Baltimore Ravens
50%
AFC Defensive End Richard Seymour New England Patriots
50%
NFC Safety Roy Williams Dallas Cowboys
50%
AFC Defensive Tackle Sam Adams Buffalo Bills
50%
AFC Offensive Tackle Tarik Glenn Indianapolis Colts
50%
AFC Linebacker Tedy Bruschi New England Patriots
50%
AFC Linebacker Terrell Suggs Baltimore Ravens
50%
AFC Tight End Tony Gonzalez Kansas City Chiefs
50%
AFC Safety Troy Polamalu Pittsburgh Steelers
50%
AFC Offensive Tackle Willie Anderson Cincinnati Bengals
50%
AFC Offensive Tackle Willie Roaf Kansas City Chiefs
50%
AFC Defensive End Aaron Smith Pittsburgh Steelers
0%
AFC Kicker Adam Vinatieri New England Patriots
0%
NFC Running Back Ahman Green Green Bay Packers
0%
NFC Tight End Alge Crumpler Atlanta Falcons
0%
NFC Returner Allen Rossum Atlanta Falcons
0%
NFC Defensive End Bertrand Berry Arizona Cardinals
0%
NFC Safety Brian Dawkins Philadelphia Eagles
0%
NFC Long Snapper Brian Jennings San Francisco 49ers
0%
NFC Running Back Brian Westbrook Philadelphia Eagles
0%
AFC Cornerback Chris McAlister Baltimore Ravens
0%
NFC Linebacker Dan Morgan Carolina Panthers
0%
NFC Quarterback Daunte Culpepper Minnesota Vikings
0%
NFC Kicker David Akers Philadelphia Eagles
0%
NFC Linebacker Derrick Brooks Tampa Bay Buccaneers
0%
NFC Quarterback Donovan McNabb Philadelphia Eagles
0%
NFC Cornerback Dre Bly Detroit Lions
0%
AFC Defensive End Dwight Freeney Indianapolis Colts
0%
NFC Returner Eddie Drummond Detroit Lions
0%
NFC Offensive Tackle Flozell Adams Dallas Cowboys
0%
NFC Special Teamer Ike Reese Philadelphia Eagles
0%
AFC Linebacker James Farrior Pittsburgh Steelers
0%
NFC Tight End Jason Witten Dallas Cowboys
0%
NFC Wide Receiver Javon Walker Green Bay Packers
0%
AFC Center Jeff Hartings Pittsburgh Steelers
0%
NFC Linebacker Jeremiah Trotter Philadelphia Eagles
0%
NFC Wide Receiver Joe Horn New Orleans Saints
0%
AFC Safety John Lynch Denver Broncos
0%
NFC Defensive End Julius Peppers Carolina Panthers
0%
NFC Linebacker Keith Brooking Atlanta Falcons
0%
AFC Long Snapper Kendall Gammon Kansas City Chiefs
0%
AFC Center Kevin Mawae New York Jets
0%
NFC Defensive Tackle Kevin Williams Minnesota Vikings
0%
NFC Defensive Tackle La'Roi Glover Dallas Cowboys
0%
NFC Offensive Guard Larry Allen Dallas Cowboys
0%
AFC Special Teamer Larry Izzo New England Patriots
0%
NFC Cornerback Lito Sheppard Philadelphia Eagles
0%
NFC Offensive Guard Marco Rivera Green Bay Packers
0%
NFC Linebacker Marcus Washington Washington Redskins
0%
NFC Linebacker Mark Fields Carolina Panthers
0%
AFC Offensive Tackle Marvel Smith Pittsburgh Steelers
0%
NFC Center Matt Birk Minnesota Vikings
0%
NFC Safety Michael Lewis Philadelphia Eagles
0%
NFC Quarterback Michael Vick Atlanta Falcons
0%
NFC Punter Mitch Berger New Orleans Saints
0%
NFC Wide Receiver Muhsin Muhammad Carolina Panthers
0%
AFC Cornerback Nate Clements Buffalo Bills
0%
NFC Center Olin Kreutz Chicago Bears
0%
NFC Offensive Tackle Orlando Pace St. Louis Rams
0%
NFC Defensive End Patrick Kerney Atlanta Falcons
0%
AFC Cornerback Patrick Surtain Miami Dolphins
0%
NFC Cornerback Ronde Barber Tampa Bay Buccaneers
0%
AFC Punter Shane Lechler Oakland Raiders
0%
NFC Running Back Shaun Alexander Seattle Seahawks
0%
NFC Defensive Tackle Shaun Rogers Detroit Lions
0%
NFC Offensive Guard Steve Hutchinson Seattle Seahawks
0%
AFC Linebacker Takeo Spikes Buffalo Bills
0%
NFC Wide Receiver Terrell Owens Philadelphia Eagles
0%
AFC Returner Terrence McGee Buffalo Bills
0%
NFC Running Back Tiki Barber New York Giants
0%
NFC Wide Receiver Torry Holt St. Louis Rams
0%
AFC Cornerback Tory James Cincinnati Bengals
0%
NFC Offensive Tackle Tra Thomas Philadelphia Eagles
0%
NFC Offensive Tackle Walter Jones Seattle Seahawks
0%
NFC Fullback William Henderson Green Bay Packers
0%
AFC Offensive Guard Will Shields Kansas City Chiefs
0%
No matching quizzes found
Score Distribution
Percent of People with Each Score
Percentile by Number Answered
Your Score History
You have not taken this quiz